Catálogo

Santiago Ramón y Cajal : (Registro nro. 64918)

Detalles MARC
000 -LEADER
fixed length control field 01149cam a2200301 i 4500
001 - CONTROL NUMBER
control field 64918
003 - CONTROL NUMBER IDENTIFIER
control field Mx-PuUPA
005 - DATE AND TIME OF LATEST TRANSACTION
control field 20210403212216.0
008 - FIXED-LENGTH DATA ELEMENTS--GENERAL INFORMATION
fixed length control field 080626s2007 sp ah r 000 0 spa d
020 ## - INTERNATIONAL STANDARD BOOK NUMBER
International Standard Book Number 9788496704008
040 ## - CATALOGING SOURCE
Original cataloging agency Mx-PuUPA
Modifying agency Mx-PuUPA
Language of cataloging spa
Transcribing agency Mx-PuUPA
Description conventions rda
041 0# - LANGUAGE CODE
Language code of text/sound track or separate title spa
245 00 - TITLE STATEMENT
Title Santiago Ramón y Cajal :
Remainder of title un nobel complutense 1906-2006 /
Statement of responsibility, etc. fotografía, Pablo Linés Vinuelles
264 #4 - PRODUCTION, PUBLICATION, DISTRIBUTION, MANUFACTURE, AND COPYRIGHT NOTICE
Place of production, publication, distribution, manufacture [Madrid] :
Name of producer, publisher, distributor, manufacturer Universidad Complutense. Área de ciencias de la salud,
Date of production, publication, distribution, manufacture, or copyright notice [2007?]
300 ## - PHYSICAL DESCRIPTION
Extent 254 páginas :
Other physical details ilustraciones, facsímiles ;
Dimensions 22 cm.
336 ## - CONTENT TYPE
Fuente rdacontent
Content type term texto
Content type code txt
337 ## - MEDIA TYPE
Source rdamedia
Media type term sin medio
Media type code n
338 ## - CARRIER TYPE
Source rdacarrier
Carrier type term volumen
Carrier type code nc
600 14 - SUBJECT ADDED ENTRY--PERSONAL NAME
Personal name Ramón y Cajal, Santiago,
Dates associated with a name 1852-1934
General subdivision Biografías
600 14 - SUBJECT ADDED ENTRY--PERSONAL NAME
Personal name Ramón y Cajal, Santiago,
Dates associated with a name 1852-1934
General subdivision Crítica e interpretación
650 #4 - SUBJECT ADDED ENTRY--TOPICAL TERM
Topical term or geographic name entry element Medicina
General subdivision Historia
650 #4 - SUBJECT ADDED ENTRY--TOPICAL TERM
Topical term or geographic name entry element Ciencia
General subdivision Historia
700 1# - ADDED ENTRY--PERSONAL NAME
Personal name Linés Vinuelles, Pablo,
Relator term fotógrafo
942 ## - ADDED ENTRY ELEMENTS (KOHA)
Source of classification or shelving scheme Dewey Decimal Classification
Koha item type Libro
Classification part 620.961092
Item part S194
Existencias
Withdrawn status Lost status Source of classification or shelving scheme Damaged status Not for loan Collection code Home library Current library Shelving location Date acquired Source of acquisition Total Checkouts Full call number Barcode Date last seen Price effective from Koha item type
    Dewey Decimal Classification     Referencia Biblioteca Karol Wojtyla Biblioteca Karol Wojtyla Área de silencio 03/10/2019 Donación   620.961092 S194 2007 60929 05/01/2026 03/12/2013 Libro R